000
00324nam a2200133Ia 4500
008
240624s9999 xx 000 0 und d
041
_a
eng
082
_a
332.6 GRA
100
_a
GRAHAM BENJAMIN
245
_a
INTELLIGENT INVESTOR
260
_c
2003
_a
New York
_b
HarperCollins Publishers
300
_a
xiv, : 623p.
365
_c
999
_c
4067
_d
4067